000 00215nam a22000977a 4500
999 _c262853
_d262852
020 _a0590370715
100 _aStephanie Calmenson
245 _aThe Frog Prince
260 _aNew York
_bScholastic
_c2001
942 _cBK